000 00381nam a22001337a 4500
082 _a345.5491
_bNIZ
100 _aNizami, Muhammad Mazhar Hassan
245 _aThe Pakistan Penal Code with Commentary /
_cMuhammad Mazhar Hassan Nizami
260 _aLahore :
_bPLD Publishers,
_c2023.
300 _a826 p.
563 _aHB.
650 _aLaw, Criminal Law
_9128097
942 _2ddc
_cBK
999 _c613432
_d613432